Public service interpreting. The first steps.

Guardat en:
Dades bibliogràfiques
Autor principal: Corsellis, Ann
Format: Desconegut
Idioma:anglès
Publicat: New York, USA. Palgrave MacMillan, 2008
Matèries:
Etiquetes: Afegir etiqueta
Sense etiquetes, Sigues el primer a etiquetar aquest registre!

MARC

LEADER 00000 a2200000 4500
003 CL-VaPUC
005 20210929111106.0
008 210422b ||||| |||| 00| 0 eng d
999 |c 432444  |d 432442 
020 |a 978-1-4039-3799-5 
040 |c Pontificia Universidad Católica de Valparaíso 
082 |a 418.02 COR 2008 
100 |a Corsellis, Ann   |9 859128 
245 |a Public service interpreting.  |b The first steps.  
260 |a New York, USA.  |b Palgrave MacMillan,  |c 2008 
583 |k Cristina Rojas  |c 20210422 
650 0 |a Traducción e interpretación  |9 315998  |x Servicio público 
942 |2 ddc  |c BK 
952 |0 0  |1 0  |2 ddc  |4 0  |6 418_020000000000000_COR_2008  |7 0  |8 A  |9 577858  |a BIBEDU  |b BIBEDU  |d 2021-05-24  |e 120  |g 60622.00  |i 5583063  |o 418.02 COR 2008  |p 5583063  |r 2021-05-24  |t 1  |v 60622.00  |w 2021-05-24  |y BK  |k LIT